000 01472cam a22002891 4500
001 rc 01002786
003 DLC
005 20260227111907.0
007 cr_|||||||||||
008 781108s1891 scu 000 0 eng
010 _arc 01002786
035 _a(OCoLC)4356743
040 _aDLC
_cVi
_dOCoLC
_dDLC
050 0 0 _aF229
_b.L47
100 1 _aLederer, John.
245 1 4 _aThe discoveries of John Lederer,
_bin three several marches from Virginia to the west of Carolina, and other parts of the continent: begun in March, 1669, and ended in September, 1670, together with a general map of the whole territory which he traversed.
_cCollected and translated out of Latine from his discourse and writings, by Sir William Talbot ...
260 _a[Charleston, S.C.,
_bWalker, Evans & Cogswell Co.,
_c1891]
300 _a47 p.
_bmap.
_c32 cm.
500 _aNo. 2 of an edition of 20 copies printed from a copy of the original edition, London 1672, in the Harvard College Library.
530 _aAlso available in digital form on the Internet Archive Web site.
651 0 _aVirginia
_xDescription and travel
_vEarly works to 1800.
651 0 _aNorth Carolina
_xDescription and travel
_vEarly works to 1800
650 0 _aIndians of North America
_zVirginia
_vEarly works to 1800.
650 0 _aIndians of North America
_zNorth Carolina
_vEarly works to 1800.
700 1 _aTalbot, William,
_cSir,
_d-1691,
_etr.
856 4 1 _uhttp://hdl.loc.gov/loc.gdc/scd0001.00143670478
999 _c52404
_d52404